| 000 | 01134pam a2200337 a 4500 | ||
|---|---|---|---|
| 001 | 1367 | ||
| 005 | 20250710105130.0 | ||
| 020 | _a0679824251 (pbk.) : | ||
| 020 | _a059062859 | ||
| 040 |
_aDLC _cDLC _dDLC _beng |
||
| 050 | 0 | 0 |
_aPZ7.O81167 _bPi 1994 |
| 082 | 0 | 0 |
_aFic _220 |
| 100 | 1 | _aOsborne, Mary Pope | |
| 245 | 1 | 0 |
_aPirates past noon _cby Mary Pope Osborne ; illustrated by Sal Murdocca |
| 250 | _aFirst Scholastic printing, March 1996 | ||
| 260 |
_aNew York : _bScholastic, _c1994. |
||
| 300 |
_a67 pages : _c20 cm _billustrations ; |
||
| 490 | 1 |
_aThe Magic tree house series ; _vBook 4 |
|
| 500 | _a"A First stepping stone book." | ||
| 505 | 0 | _aJ | |
| 520 | _aThe magic treehouse whisks Jack and Annie back to the days of deserted islands, secret maps, hidden gold, and nasty pirates. | ||
| 521 | 0 |
_a490
_bLexile |
|
| 521 | 1 |
_aJ
_bRaz-Plus |
|
| 650 | 1 |
_aPirates _xFiction. |
|
| 650 | 1 |
_aTime travel _xFiction. |
|
| 650 | 1 |
_aMagic _xFiction. |
|
| 650 | 1 |
_aTree houses _xFiction. |
|
| 700 | 1 |
_aMurdocca, Sal _eillustrator |
|
| 906 |
_a7 _bcbc _corignew _d1 _eocip _f19 _gy-gencatlg |
||
| 942 |
_2ddc _cBK _n0 |
||
| 999 |
_c1367 _d1367 |
||